Welcome to CU Library Online Public Access Catalogue (OPAC)

Mathematics for business, finance, and economics / (Record no. 3905)

MARC details
000 -LEADER
fixed length control field 00605nam a2200205 a 4500
001 - CONTROL NUMBER
control field 743933
005 - DATE AND TIME OF LATEST TRANSACTION
control field 20250217115031.0
008 - FIXED-LENGTH DATA ELEMENTS--GENERAL INFORMATION
fixed length control field 990407s1999 enka b 001 0 eng
020 ## - INTERNATIONAL STANDARD BOOK NUMBER
International Standard Book Number 186152241X
050 04 - LIBRARY OF CONGRESS CALL NUMBER
Classification number QA37.2
Item number .W535 1999
082 00 - DEWEY DECIMAL CLASSIFICATION NUMBER
Classification number 512/.15/02465
Edition information 21
100 1# - MAIN ENTRY--PERSONAL NAME
Personal name Wilkes, F. M.
245 10 - TITLE STATEMENT
Title Mathematics for business, finance, and economics /
Statement of responsibility, etc. F.M. Wilkes.
250 ## - EDITION STATEMENT
Edition statement 2nd ed.
260 ## - PUBLICATION, DISTRIBUTION, ETC.
Place of publication, distribution, etc. London ;
-- Boston :
Name of publisher, distributor, etc. International Thompson Business Press,
Date of publication, distribution, etc. 1999.
300 ## - PHYSICAL DESCRIPTION
Extent x, 534 p. :
Other physical details ill. ;
Dimensions 25 cm.
650 #0 - SUBJECT ADDED ENTRY--TOPICAL TERM
Topical term or geographic name entry element Mathematics.
650 #0 - SUBJECT ADDED ENTRY--TOPICAL TERM
Topical term or geographic name entry element Business mathematics.
942 ## - ADDED ENTRY ELEMENTS (KOHA)
Source of classification or shelving scheme Library of Congress Classification
Koha item type Books
Suppress in OPAC No
999 ## -
-- 3905
-- 3905
Holdings
Withdrawn status Lost status Source of classification or shelving scheme Damaged status Not for loan Collection Home library Current library Shelving location Date acquired Total checkouts Full call number Barcode Date last seen Copy number Price effective from Koha item type
    Library of Congress Classification     Non-fiction Undergraduate Library (Christ Temple) Undergraduate Library (Christ Temple) General stacks 02/17/2025   HF5691 WILL ulct00001237 02/17/2025 1 02/17/2025 Books
    Library of Congress Classification     Non-fiction Undergraduate Library (Christ Temple) Undergraduate Library (Christ Temple) General stacks 02/17/2025   HF5691 WIL ulct00001238 02/17/2025 1 02/17/2025 Books
© 2023-2024 Copyright: Central University Libraries. All Rights Reserved | Created by: Mahone Tech Office